Presnosť vybraných strojov nekonvenčných technológií

Uložené v:
Podrobná bibliografia
Hlavný autor: Kadrljak, Peter (Autor)
Ďalší autori: Kolláth, Ľudovít (Vedúci práce)
Médium: Rukopis Kniha
Jazyk:Slovak
Vydavateľské údaje: 2022
Predmet:
On-line prístup:http://is.stuba.sk/zp/portal_zp.pl?podrobnosti=171577
Tagy: Pridať tag
Žiadne tagy, Buďte prvý, kto otaguje tento záznam!

MARC

LEADER 00000ntm a22000003a 4500
001 stuzp90970
003 SK-STU
005 20220611214223.4
007 ta
008 150427s2015----xo-----f-mn---000-0-slo-d
040 |a STU  |b slo 
041 0 |a slo 
100 1 |a Kadrljak, Peter  |u 020070  |4 aut  |U SjF Strojnícka fakulta  |T SjF Ústav výrobných systémov, enviromentálnej techniky a manažment kvality  |X 104931  |U J0070  |Y 804  |7 104931 
242 0 1 |a Accuracy of selected machines of nonconventional technologies  |y eng 
245 1 0 |a Presnosť vybraných strojov nekonvenčných technológií 
260 |c 2022 
650 4 |a rezanie vodným lúčom  |2 slo 
650 4 |a rezanie plazmou  |2 slo 
650 4 |a rezanie laserom  |2 slo 
650 4 |a presnosť  |2 slo 
650 4 |a hodnotenie presnosti  |2 slo 
650 4 |a accuracy  |2 eng 
650 4 |a laser cutting  |2 eng 
650 4 |a water jet cutting  |2 eng 
650 4 |a plasma cutting  |2 eng 
650 4 |a accuracy evalu-ation  |2 eng 
700 1 |a Kolláth, Ľudovít  |u 020070  |k Z1  |4 ths  |U SjF Strojnícka fakulta  |T SjF Ústav výrobných systémov, enviromentálnej techniky a manažment kvality  |X 2409  |U J0070  |Y 804  |7 A000002409 
856 4 |u http://is.stuba.sk/zp/portal_zp.pl?podrobnosti=171577 
996 |b 284J046985  |c J* 3485/DBP  |l JJSK  |s A  |a 24  |w stuzp90970_0001